Storia del costume; : (Record no. 1161)
[ view plain ]
| 000 -CABECERA | |
|---|---|
| campo de control de longitud fija | 00419cam a22001331 4500 |
| 001 - NÚMERO DE CONTROL | |
| campo de control | 000001213 |
| 005 - FECHA Y HORA DE LA ÚLTIMA TRANSACCIÓN | |
| campo de control | 20200929145516.0 |
| 008 - DATOS DE LONGITUD FIJA--INFORMACIÓN GENERAL | |
| campo de control de longitud fija | 760427s1952 it af 000 0 ita |
| 040 ## - FUENTE DE LA CATALOGACIÓN | |
| Centro catalogador/agencia de origen | DO-SdBNP |
| Lengua de catalogación | spa |
| Centro/agencia transcriptor | BNPHU |
| 100 1# - ENTRADA PRINCIPAL--NOMBRE DE PERSONA | |
| Nombre de persona | Vocino, Michele, |
| Fechas asociadas al nombre | 1881- |
| 9 (RLIN) | 4141 |
| 245 10 - MENCIÓN DE TÍTULO | |
| Título | Storia del costume; : |
| Resto del título | venti secoli di vita italiana. |
| 260 ## - PUBLICACIÓN, DISTRIBUCIÓN, ETC. | |
| Lugar de publicación, distribución, etc. | Roma, : |
| Nombre del editor, distribuidor, etc. | Libreria dello Stato, |
| Fecha de publicación, distribución, etc. | 1952. |
| 300 ## - DESCRIPCIÓN FÍSICA | |
| Extensión | 710 p. : |
| Otras características físicas | illus. (part col.) ; |
| Dimensiones | 30 cm. |
| Estado de retiro | Estado de pérdida | Restricciones de uso | No para préstamo | Código de colección | Localización permanente | Ubicación/localización actual | Ubicación en estantería | Fecha de adquisición | Número de inventario | Total de préstamos | Signatura topográfica completa | Código de barras | Fecha visto por última vez | Precio válido a partir de | Tipo de ítem Koha |
|---|---|---|---|---|---|---|---|---|---|---|---|---|---|---|---|
| Préstamo interno | Préstamo en sala | Dominicana de Servicio | Biblioteca Nacional Pedro Henríquez Ureña | Biblioteca Nacional Pedro Henríquez Ureña | Depósito | 22.09.2009 | LF1 | 1213-10 | 25.06.2020 | 25.06.2020 | Libros y folletos |
